01138 2200277 4500001002100000005001500021035002000036007000300056008004100059020002200100082001200122084001800134100001800152245011600170260007800286300002100364650001500385650001700400700002100417700001400438520030800452990002500760990002500785990002500810990002500835INLIS00000000001055420221108052840 a0010-0622000025ta221108 g 0 ind  a978-979-3490-40-3 a297.273 a297.273 JEN o0 aJeni Susyanti1 aOperasional Keuangan Syariah :bdalam Praktik dan Ilustrasi Kasus /cJeni Susyanti, M. Ridwan Makmun, A. Fadoli aMalang :bBadan Penerbit Fakultas Ekonomi Universitas Islam Malang,c2015 a122 hlm ;c29 cm 4aBank Islam 4aBank Syariah0 aM. Ridwan Makmun0 aA. Fadoli aBuku ini disusun dengan berorientasi pada tinjauan lembaga keuangan yang mendasarkan pada sistem ekonomi Islam (syariah). Buku ini merupakan pembahasan Koperasi Syariah dalam praktik yang meliputi: User Manual Program, Pengkodean Rekening, Flow Chart & Ilustrasi Kasus, Bukti transaksi, Laporan Keuangan a25484/MKRI-P/II-2017 a25485/MKRI-P/II-2017 a25486/MKRI-P/II-2017 a25487/MKRI-P/II-2017